History Quiz

Random History or Clickable Quiz

Those Sickly, Sickly Presidents Quiz Stats

 Plays Quiz Updated Oct 1, 2016

Challenge
Share
Tweet
Embed
Score 0/20 Timer 07:00
7 Plays Today
% Correct
Abraham Lincoln
85.5%
George Washington
82.8%
Ronald Reagan
81.9%
Franklin D. Roosevelt
80.4%
William Howard Taft
79.2%
Thomas Jefferson
77%
William Henry Harrison
73.3%
Gerald Ford
70.9%
Teddy Roosevelt
69.6%
George H.W. Bush
67.4%
% Correct
James Monroe
66.6%
James Garfield
65.8%
Andrew Jackson
63.7%
Richard Nixon
62.6%
Dwight Eisenhower
59.4%
John Kennedy
57.5%
Warren Harding
56.4%
Bill Clinton
50.3%
Harry Truman
48.9%
Woodrow Wilson
48.3%

You're not logged in!

Compare scores with friends on all Sporcle quizzes.
OR
Log In

You Might Also Like...

Show Comments

Extras

Top Quizzes Today


Score Distribution

Your Account Isn't Verified!

In order to create a playlist on Sporcle, you need to verify the email address you used during registration. Go to your Sporcle Settings to finish the process.

Report this User

Report this user for behavior that violates our Community Guidelines.

Details: